000 01351nam a22002777a 4500
003 URS
005 20240509213736.0
008 240509b |||||||| |||| 00| 0 eng d
050 0 0 _aLG 221.R59 Ef366
_b2014
100 1 _aApuya, Sarah, F.
_eResearcher
245 _aEffects of tutorial activities in mathematics for grade 7 students/
_cApuya, Sarah, F..[et.al.]
260 1 _c2014
300 _axiv, 70 leaves,
_b illustration
_c28cm
336 _2text
_ardacontent
337 _2rdamedia
_aunmediated
338 _2rdacarrier
_avolume
502 _aUndergraduate Thesis
_bBachelor of Secondary Education Major in Mathematics
_cUniversity of Rizal System, Rodriguez, Rizal
_d2014
520 _aThis study aimed to determine the effect of tutorial activities in Mathematics for grade 7 students. This was conducted during the school year 2014-2015 at Burgos National High School. It utilized the experimental method of research specifically single group design by getting the pre-test and post-test performance of the respondents
650 _2Tutorial activities-mathematics
700 _aApuya, Sarah, F.
_eResearcher
700 _aCaleloria, Ruvielyn, M.
_eResearcher
700 _aGregorio, Kcylyn, T.
_eResearcher
700 _aRogelio, Anna Marie, R.
_eResearcher
700 _aLlarenas MAT, Emmanuel, M.
_eAdviser
942 _2lcc
_cT
999 _c79828
_d79827